Transcript of shorthand writer's notes of the case of The Auctioneers' Institute of the United Kingdom (Incorporated) v. The Institute of Auctioneers and Valuers (Record no. 116776)

MARC details
000 -LEADER
fixed length control field 00748cam a22002055a 4500
001 - CONTROL NUMBER
control field L141786
008 - FIXED-LENGTH DATA ELEMENTS--GENERAL INFORMATION
fixed length control field 071220s1896 xxk eng u
035 ## - SYSTEM CONTROL NUMBER
System control number (Sirsi) u141786
041 0# - LANGUAGE CODE
Language code of text/sound track or separate title eng
110 2# - MAIN ENTRY--CORPORATE NAME
Corporate name or jurisdiction name as entry element Auctioneers' Institute of the United Kingdom
9 (RLIN) 3785
245 00 - TITLE STATEMENT
Title Transcript of shorthand writer's notes of the case of The Auctioneers' Institute of the United Kingdom (Incorporated) v. The Institute of Auctioneers and Valuers
260 ## - PUBLICATION, DISTRIBUTION, ETC.
Place of publication, distribution, etc. S.l.
Name of publisher, distributor, etc. s.n.
Date of publication, distribution, etc. [1896]
300 ## - PHYSICAL DESCRIPTION
Extent 12 p.
Dimensions 23 cm.
340 ## - PHYSICAL MEDIUM
Material base and configuration Printed
351 ## - ORGANIZATION AND ARRANGEMENT OF MATERIALS
Hierarchical level Single item
500 ## - GENERAL NOTE
General note Ttile has been amended by hand to read 'Transcript of W. S. Lewis's shorthand notes...'
651 4# - SUBJECT ADDED ENTRY--GEOGRAPHIC NAME
Geographic name United Kingdom
Chronological subdivision
690 ## - LOCAL SUBJECT ADDED ENTRY--TOPICAL TERM (OCLC, RLIN)
Topical term or geographic name as entry element ABOUT RICS-RELATED ORGANISATIONS
942 ## - ADDED ENTRY ELEMENTS (KOHA)
Suppress in OPAC 0
Holdings
Withdrawn status Lost status Source of classification or shelving scheme Damaged status Not for loan Home library Current library Shelving location Date acquired Total Checkouts Full call number Barcode Date last seen Copy number Price effective from Koha item type
    Dewey Decimal Classification     Historic collection Historic collection RICS Boxes 20/12/2007   RICS 1896/1 141786-2001 06/08/2019 1 06/08/2019 Archive